000 00735nam a2200205 i 4500
001 57382
003 ES-MaACL
005 20230906163551.0
007 t|
008 031016s1917 fr ||||1| fre d
100 1 _aDriault, Edouard.
_945636
245 1 0 _aNapoléon et l'Europe
_b: Tilsitt, France et Russie sous le premier Empire, la question de Pologne (1806-1809) /
_cpar Edouard Driault.
260 _aParis :
_bF. Alcan,
_c1917 (
_eEvreux :
_fCh. Herissey)
300 _aVIII, 492 p. ;
_c27 cm.
490 1 _aBibliothèque d'histoire contemporaine
600 0 4 _aNapoleón
_bI
_c, Emperador de Francia.
_984910
830 0 _aBibliothèque d'histoire contemporaine
_9180875
852 _aES-MaACL
_jF-8943
999 _c57382
_d57382